[Event "Augustow Golden Rook op 53rd"]
[Site "Augustow"]
[Date "2011.05.29"]
[Round "7.17"]
[White "Bukowski, Wojciech"]
[Black "Watorek, Marcin"]
[Result "1/2-1/2"]
[WhiteElo "2079"]
[BlackElo "2104"]
[PlyCount "123"]
[EventDate "2011.05.29"]
[EventType "team-swiss"]
[EventRounds "9"]
[EventCountry "POL"]
[SourceTitle "EXT 2023"]
[Source "ChessBase"]
[SourceDate "2022.10.05"]
[SourceVersion "1"]
[SourceVersionDate "2022.10.05"]
[SourceQuality "1"]
[WhiteTeam "Augustow LKS"]
[BlackTeam "Myslenice MLKSz"]
[WhiteTeamCountry "POL"]
[BlackTeamCountry "POL"]

1. e4 c5 2. Nf3 d6 3. d4 cxd4 4. Nxd4 Nf6 5. Nc3 Nc6 6. Be2 e6 7. Be3 Be7 8. 0-0 0-0 9. Qd2 a6 10. f4 Qc7 11. f5 Ne5 12. fxe6 fxe6 13. Nf3 b5 14. Nxe5 dxe5 15. Bd3 Bb7 16. a3 Ng4 17. Rxf8+ Rxf8 18. Kh1 Nxe3 19. Qxe3 Bc5 20. Qh3 Qf7 21. g4 Qg6 22. Qh5 Qxh5 23. gxh5 Rf4 24. Re1 Rh4 25. Kg2 Rxh5 26. Ne2 Rg5+ 27. Kf3 Rg6 28. Rf1 h5 29. h3 h4 30. c3 Bc6 31. Bb1 Kh7 32. b4 Ba7 33. Rd1 Be8 34. Rd8 Rf6+ 35. Kg4 Rf8 36. Kxh4 Bf2+ 37. Kg5 Be3+ 38. Kh4 Kh6 39. Kg3 Kg5 40. Ba2 Rf2 41. Rxe8 Rxe2 42. Bxe6 Bf4+ 43. Kf3 Re3+ 44. Kg2 Rg3+ 45. Kf1 Rxc3 46. Ra8 Rxa3 47. Bc8 Ra4 48. Rxa6 Rxb4 49. Bf5 Be3 50. Ke2 Kf4 51. Rg6 Rb2+ 52. Kd3 b4 53. Rxg7 b3 54. Rf7 Rd2+ 55. Kc3 b2 56. Bg4+ Kg5 57. Rf1 Rf2 58. Rb1 Bd4+ 59. Kb3 Kf4 60. Bf5 Rh2 61. Ka2 Ke3 62. Rd1 1/2-1/2

[Event "Augustow op"]
[Site "Augustow"]
[Date "2008.05.17"]
[Round "9"]
[White "Bukowski, Wojciech"]
[Black "Malaniuk, Vladimir P"]
[Result "0-1"]
[WhiteElo "2091"]
[BlackElo "2505"]
[PlyCount "82"]
[EventDate "2008.05.10"]
[EventType "swiss"]
[EventRounds "9"]
[EventCountry "POL"]
[SourceTitle "CBM 124 Extra"]
[Source "ChessBase"]
[SourceDate "2008.07.03"]
[SourceVersion "1"]
[SourceVersionDate "2008.07.03"]
[SourceQuality "1"]

1. Nf3 f5 2. d4 Nf6 3. Nc3 d5 4. Bf4 e6 5. a3 a6 6. e3 c5 7. Be2 Be7 8. 0-0 Nbd7 9. Ne5 0-0 10. Re1 Nxe5 11. Bxe5 Nd7 12. f4 Nxe5 13. fxe5 Bd7 14. Bf3 Qb6 15. Rb1 Bg5 16. Kh1 Rac8 17. Na2 f4 18. e4 dxe4 19. dxc5 Qxc5 20. Bxe4 Bc6 21. Nc3 f3 22. gxf3 Rcd8 23. Qe2 Rd2 24. Qf1 Bf4 25. Re2 Rxe2 26. Qxe2 Bxe4 27. Nxe4 Qxe5 28. c3 Qh5 29. Rg1 e5 30. Qg2 g6 31. Qe2 Kh8 32. Rg2 Rd8 33. Kg1 Qh3 34. Rg4 Bxh2+ 35. Kf2 Rf8 36. Ke3 Rd8 37. Kf2 Bf4 38. Kg1 Qh5 39. Nd6 Rxd6 40. Rxf4 Qg5+ 41. Rg4 Qc1+ 0-1

[Event "Augustow op"]
[Site "Augustow"]
[Date "2008.05.13"]
[Round "5"]
[White "Bukowski, Wojciech"]
[Black "Poswiatowski, Michal"]
[Result "1-0"]
[WhiteElo "2091"]
[BlackElo "1778"]
[PlyCount "133"]
[EventDate "2008.05.10"]
[EventType "swiss"]
[EventRounds "9"]
[EventCountry "POL"]
[SourceTitle "CBM 124 Extra"]
[Source "ChessBase"]
[SourceDate "2008.07.03"]
[SourceVersion "1"]
[SourceVersionDate "2008.07.03"]
[SourceQuality "1"]

1. e4 c5 2. Nc3 Nc6 3. f4 g6 4. Nf3 Bg7 5. Bb5 d6 6. 0-0 Bd7 7. d3 e6 8. Qe1 a6 9. Bxc6 Bxc6 10. f5 Qd7 11. fxe6 fxe6 12. Ng5 Nf6 13. e5 dxe5 14. Qxe5 Ng4 15. Qxe6+ Qxe6 16. Nxe6 Bd4+ 17. Nxd4 cxd4 18. Re1+ Kf7 19. Ne4 Kg7 20. h3 Nf6 21. Nd6 Nd5 22. Bg5 h6 23. Bd2 Rad8 24. Nc4 b5 25. Ne5 Bb7 26. Nf3 Ne3 27. Bxe3 dxe3 28. Rxe3 Rhe8 29. Rae1 Rxe3 30. Rxe3 Kf6 31. Nd2 Bd5 32. Ne4+ Kf7 33. Nc3 Bc6 34. a3 a5 35. Re5 b4 36. axb4 axb4 37. Ne2 b3 38. Rc5 Ba8 39. Nc1 bxc2 40. Rxc2 Ke6 41. Rd2 Bb7 42. Ne2 g5 43. Nc3 Rd4 44. Kf2 h5 45. Ke3 Rb4 46. d4 h4 47. Kd3 Ba6+ 48. Kc2 Bb7 49. b3 Ba8 50. Na4 Bd5 51. Nc5+ Kf5 52. Kc3 Rb8 53. Rf2+ Kg6 54. b4 Re8 55. b5 Re3+ 56. Kb4 Rg3 57. Nd7 Rxg2 58. Rf6+ Kh5 59. Rd6 Bf3 60. Nf6+ Kg6 61. Ng4+ Kg7 62. Rd7+ Kg8 63. Nf6+ Kf8 64. Kc5 Rg3 65. Kd6 Rxh3 66. Nh7+ Kg8 67. Nxg5 1-0

[Event "Augustow op"]
[Site "Augustow"]
[Date "2007.08.24"]
[Round "1.3"]
[White "Bukowski, Wojciech"]
[Black "Oleszczuk, Maciej"]
[Result "1-0"]
[WhiteElo "2108"]
[BlackElo "1605"]
[PlyCount "55"]
[EventDate "2007.08.24"]
[EventType "swiss"]
[EventRounds "9"]
[EventCountry "POL"]
[SourceTitle "EXT 2023"]
[Source "ChessBase"]
[SourceDate "2022.10.05"]
[SourceVersion "1"]
[SourceVersionDate "2022.10.05"]
[SourceQuality "1"]

1. Nf3 g6 2. g3 Bg7 3. Bg2 f5 4. d4 Nf6 5. c4 0-0 6. Nc3 d6 7. Qb3 Kh8 8. 0-0 c6 9. Re1 Qe8 10. Bg5 h6 11. Bxf6 Rxf6 12. e4 f4 13. e5 dxe5 14. Nxe5 g5 15. Ne4 Rf5 16. Nc5 Bxe5 17. Rxe5 Rxe5 18. dxe5 b6 19. Nd3 Be6 20. gxf4 b5 21. Nc5 Bxc4 22. Qh3 Kg7 23. fxg5 hxg5 24. Be4 Qh8 25. Qf5 Qh6 26. e6 Qf6 27. Qh7+ Kf8 28. Rd1 1-0

[Event "Augustow op"]
[Site "Augustow"]
[Date "2004.??.??"]
[Round "1"]
[White "Bukowski, Wojciech"]
[Black "Bobras, Piotr"]
[Result "0-1"]
[WhiteElo "2136"]
[BlackElo "2435"]
[PlyCount "76"]
[EventDate "2004.08.??"]
[EventType "swiss"]
[EventRounds "9"]
[EventCountry "POL"]
[SourceTitle "EXT 2008"]
[Source "ChessBase"]
[SourceDate "2007.11.25"]
[SourceVersion "1"]
[SourceVersionDate "2007.11.25"]
[SourceQuality "1"]

1. Nf3 Nf6 2. d4 g6 3. Bg5 Bg7 4. Nc3 d5 5. e3 0-0 6. Bd3 c5 7. 0-0 cxd4 8. exd4 Nc6 9. h3 Bf5 10. a3 Ne4 11. Be3 Nxc3 12. bxc3 Qd7 13. Qd2 Rfe8 14. Bb5 a6 15. Bxc6 Qxc6 16. Ne5 Qc7 17. Rfb1 Rac8 18. Rb3 Bxe5 19. dxe5 Qxe5 20. Bf4 Qe4 21. Rc1 Rc4 22. Bh6 b5 23. f3 Qe5 24. g4 Bd7 25. f4 Qd6 26. Re1 Bc6 27. Rb4 Qc5+ 28. Re3 f6 29. Rxc4 dxc4 30. Qd4 Qxa3 31. Re6 Qc1+ 32. Kf2 Qh1 33. Qe3 Qg2+ 34. Ke1 Kf7 35. g5 Qd5 36. Rxc6 Qxc6 37. Kf2 Qe6 38. Qf3 Rd8 0-1

[Event "Augustow op"]
[Site "Augustow"]
[Date "2004.??.??"]
[Round "7"]
[White "Kozak, Magdalena"]
[Black "Bukowski, Wojciech"]
[Result "1-0"]
[WhiteElo "2055"]
[BlackElo "2136"]
[PlyCount "107"]
[EventDate "2004.08.??"]
[EventType "swiss"]
[EventRounds "9"]
[EventCountry "POL"]
[SourceTitle "EXT 2008"]
[Source "ChessBase"]
[SourceDate "2007.11.25"]
[SourceVersion "1"]
[SourceVersionDate "2007.11.25"]
[SourceQuality "1"]

1. d4 Nf6 2. c4 g6 3. g3 Bg7 4. Bg2 0-0 5. Nc3 d6 6. Nf3 Nbd7 7. 0-0 e5 8. h3 Re8 9. e4 exd4 10. Nxd4 Nc5 11. Re1 a5 12. b3 Bd7 13. a3 h5 14. Rb1 Qc8 15. Kh2 Nh7 16. Nd5 Nf6 17. Nc3 Ne6 18. Be3 Nxd4 19. Bxd4 Bc6 20. b4 axb4 21. axb4 b6 22. Qd2 Ra3 23. Nd5 Bxd5 24. cxd5 Ra7 25. e5 dxe5 26. Bxe5 Rxe5 27. Rxe5 Ng4+ 28. hxg4 Bxe5 29. Qg5 Bd6 30. gxh5 Qf5 31. Qxf5 gxf5 32. Rb2 Ra4 33. b5 f4 34. Bf3 fxg3+ 35. fxg3 Kg7 36. Kh3 Be5 37. Re2 f6 38. Bg4 Rd4 39. Be6 Kh6 40. Bf7 Rd3 41. Rg2 Kg5 42. h6 Kxh6 43. Kg4 Kg7 44. Be6 Rc3 45. Rg1 Rc5 46. Rb1 Rc4+ 47. Kh3 Kg6 48. d6 Rc3 49. d7 Rxg3+ 50. Kh4 Rd3 51. Rg1+ Kh6 52. Bf5 Rd2 53. Rg6+ Kh7 54. Rg2+ 1-0

[Event "POL-chT2"]
[Site "Augustow"]
[Date "1997.??.??"]
[Round "?"]
[White "Bukowski, Wojciech"]
[Black "Sobejko, E."]
[Result "1-0"]
[WhiteElo "1965"]
[BlackElo "1800"]
[PlyCount "113"]
[EventDate "1997.??.??"]
[EventType "team"]
[EventRounds "9"]
[EventCountry "POL"]
[SourceTitle "EXT 2003"]
[Source "ChessBase"]
[SourceDate "2002.11.25"]
[SourceVersion "1"]
[SourceVersionDate "2002.11.25"]
[SourceQuality "1"]

1. e4 c5 2. Nc3 Nc6 3. f4 g6 4. Nf3 Bg7 5. Bb5 a6 6. Bxc6 bxc6 7. 0-0 d5 8. e5 Bg4 9. h3 Bxf3 10. Qxf3 c4 11. d4 cxd3 12. Qxd3 e6 13. b3 Ne7 14. Na4 0-0 15. Ba3 Re8 16. g4 f6 17. Rad1 f5 18. g5 Nc8 19. Bc5 Bf8 20. Bd4 Na7 21. Bb6 Qc8 22. Bf2 Qb7 23. c4 Rab8 24. Qd4 Nc8 25. c5 Qb4 26. Rb1 Re7 27. Qxb4 Rxb4 28. Be1 Rb5 29. b4 a5 30. a3 Rb8 31. Bd2 Reb7 32. Rb2 axb4 33. axb4 Ra7 34. Ra2 Rba8 35. Rfa1 h6 36. h4 h5 37. Nc3 Rxa2 38. Rxa2 Rxa2 39. Nxa2 Na7 40. Nc1 Kf7 41. Nb3 Nb5 42. Na5 Na7 43. Kf2 Ke7 44. Ke3 Kd7 45. Kd3 Be7 46. Nb3 Nb5 47. Nc1 Kc7 48. Ne2 Bd8 49. Kc2 Kb7 50. Kb3 Ka6 51. Be3 Kb7 52. Bf2 Bc7 53. Ng3 Na7 54. Bd4 Nc8 55. Ka4 Bd8 56. Ne2 Bc7 57. Bf2 1-0

[Event "POL-chT2"]
[Site "Augustow"]
[Date "1997.??.??"]
[Round "?"]
[White "Bukowski, Wojciech"]
[Black "Zochowski, Wieslaw"]
[Result "1-0"]
[WhiteElo "1965"]
[BlackElo "1800"]
[PlyCount "29"]
[EventDate "1997.??.??"]
[EventType "team"]
[EventRounds "9"]
[EventCountry "POL"]
[SourceTitle "EXT 2003"]
[Source "ChessBase"]
[SourceDate "2002.11.25"]
[SourceVersion "1"]
[SourceVersionDate "2002.11.25"]
[SourceQuality "1"]

1. e4 e5 2. f4 exf4 3. Bc4 Qh4+ 4. Kf1 d6 5. Nf3 Qe7 6. Nc3 Be6 7. Bb3 Nf6 8. d3 Nbd7 9. Bxf4 Nc5 10. Nd4 Nxb3 11. axb3 a6 12. Qf3 g6 13. e5 Nd7 14. Qxb7 Qd8 15. Ncb5 1-0